Health care policy : a political economy approach /

Bibliographic Details
Main Author: Marmor, Theodore R.
Other Authors: Christianson, Jon B.
Format: Book
Language:English
Published: Beverly Hills : Sage Publications, [1982]
Subjects:

MARC

Tag First Indicator Second Indicator Subfields
LEADER 00000pam a2200000 a 4500
001 in00000096997
005 20150924084856.0
008 820211s1982 cau b 00010 eng
010 |a  82000822  
020 |a 0803918275 (pbk.) 
020 |a 0803918267 (hard) 
035 |a (OCoLC)08219070 
035 |9 AAK8865AM 
039 0 |a 2  |b 3  |c 3  |d 3  |e 3 
040 |a DLC  |c DLC  |d TXA  |d UtOrBLW 
043 |a n-us--- 
049 |a TXAM  |c [1673684] 
050 0 0 |a RA395 A3  |b  M375 1982 
060 0 |a WA 540 AA1 M35m 
082 0 |a 362.1/0973  |2 19 
100 1 |a Marmor, Theodore R. 
245 1 0 |a Health care policy :  |b a political economy approach /  |c Theodore R. Marmor, Jon B. Christianson. 
264 1 |a Beverly Hills :  |b Sage Publications,  |c [1982] 
264 4 |c ©1982 
300 |a 232 pages ;  |c 22 cm. 
336 |a text  |b txt  |2 rdacontent 
337 |a unmediated  |b n  |2 rdamedia 
338 |a volume  |b nc  |2 rdacarrier 
504 |a Includes bibliographical references. 
650 0 |a Medical policy  |z United States. 
650 0 |a Medical economics  |z United States. 
650 2 |a Health Policy  |z United States. 
650 2 |a Policy Making. 
700 1 |a Christianson, Jon B. 
999 |a MARS 
999 f f |s a2e1112e-b7b1-384c-b8de-3b9adde4daca  |i 85b746af-b6af-3fd2-ae6f-671636c14f8d  |t 0 
952 f f |p ric  |a Texas A&M University  |b Rellis Campus  |c Joint Library Facility  |d Remote Storage  |t 0  |e RA395 A3 M375 1982  |h Library of Congress classification  |i unmediated -- volume  |m A14806025453 
998 f f |a RA395 A3 M375 1982  |t 0  |l Remote Storage